LDR 00776naa#a2200169#i#450# 001 EN\\bibl\121962 005 20260705135652.7 011 ## _a2658-638X 100 ## _a20260319b2026####ek#y0engy0150####ca 102 ## _aRU 200 1# _aLegal aspects of ensuring safety in firearms and physical training of employees of the internal affairs bodies of the Russian Federation and the Kyrgyz Republic _eJournal article 210 1# _aMoscow _cMoscow University of the Ministry of Internal Affairs of Russia named after V.Ya. Kikot _d2026 215 ## _a2 с. 608 ## _aJournal article _2local 675 ## _aНародное образование. Воспитание. Обучение. Организация досуга. 37 _z 700 #1 _aDzhaparkulov _gAybek Suzakbaevich 856 4# _amosumvd.editorum.ru _u